000 00343nam a2200145Ia 4500
008 230711s9999||||xx |||||||||||||| ||und||
041 _aENG
082 _a720
_bJE-A
100 _aJencks,Charles
245 0 _aArchitecture today
250 _a1st
260 _c1988
_aNew Delhi
_bLongman Group Publication
650 _aArchitecture
942 _cBK
999 _c374
_d374